000 01982nam a2200577 i 4500
001 15579
003 KOSZ 005
005 20200701101928.0
008 200420s1973 pl a f 001 0 pol
015 _aUWD 1973/5528
035 _a991033695219705066
035 _a(PL-WaBN)b19018496-48omnis_nlop
035 _ab19018496
035 _a(OCoLC)831184005
035 _a(PL)b0000001901849
035 _a(EXLNZ-48OMNIS_NETWORK)9910491175305606
040 _aWA N
_cWA N
_dKOSZ 005/RW
046 _k1973
080 _a621.9.048
080 _a621.317
080 _a531.7
080 _a(07)
100 1 _aSadowski, Andrzej
_d(1920-1972)
_eAutor
245 1 0 _aLaser :
_bw obróbce materiałow i metrologii /
_cAndrzej Sadowski, Rudolf Krehlik.
260 _aWarszawa :
_bWydawnictwa Naukowo-Techniczne,
_c1973.
300 _a114, [2] stron :
_bilustracje ;
_c21 cm.
336 _aTekst
_btxt
_2rdacontent
337 _aBez urządzenia pośredniczącego
_bn
_2rdamedia
338 _aWolumin
_bnc
_2rdacarrier
380 _aKsiążki
380 _aPublikacje fachowe
380 _aPublikacje dydaktyczne
388 _a1901-2000
388 _a1945-1989
490 1 _aBiblioteka Technologa
504 _aBibliografia na stronie [111]. Indeks.
521 8 _aKsiążka jest przeznaczona dla inżynierów technologów, mogą z niej również korzystać studenci wyższych szkół technicznych.
650 7 _aLasery
_2DBN
650 7 _aZastosowanie i wykorzystanie
650 7 _aPomiary
650 7 _aTechnika
650 7 _aObrabiarka
_2DBN
655 7 _aPodręcznik
658 _aInżynieria i technika
700 1 _aKrehlik, Rudolf
_eAutor
710 2 _aWydawnictwa Naukowo-Techniczne
_4pbl
830 0 _aBiblioteka Technologa
856 _uhttp://koha.tu.koszalin.pl/cgi-bin/koha/opac-detail.pl?biblionumber=15579
_yKatalog online BPK
942 _2UKD
_cKS
999 _c15579
_d15579